[Event "Memorial Nicola Palladino A"]
[Site "Milano ITA"]
[Date "2011.04.24"]
[Round "5"]
[White "Gonella, Daniele"]
[Black "Astengo, Corrado"]
[Result "0-1"]
[WhiteElo "2022"]
[BlackElo "2119"]
[PlyCount "93"]
[EventDate "2011.04.21"]

1. e4 c5 2. Nc3 e6 3. g3 Nc6 4. Bg2 Nf6 5. d3 d5 6. exd5 exd5 7. Bg5 d4 8. Ne4
Be7 9. Bxf6 Bxf6 10. Qd2 Be7 11. h4 h6 12. Qe2 Be6 13. Nf3 O-O 14. O-O Bg4 15.
Qe1 Qd7 16. Nh2 Bh3 17. f4 Bxg2 18. Kxg2 Nb4 19. Qd2 Nd5 20. Rfe1 Ne3+ 21. Rxe3
dxe3 22. Qxe3 f5 23. Nc3 Bf6 24. Re1 Rae8 25. Qd2 Qc6+ 26. Nf3 Rxe1 27. Qxe1
Re8 28. Qd2 Bd4 29. Nd1 Qd5 30. c3 Bf6 31. Ne3 Qxa2 32. Nxf5 Qe6 33. g4 Qe2+
34. Kg3 Qxd2 35. Nxd2 Re2 36. Ne4 Rxb2 37. g5 hxg5 38. hxg5 Bd8 39. Nxc5 a5 40.
Kf3 Rb5 41. d4 a4 42. Ne3 a3 43. Nc2 a2 44. Na1 Ba5 45. c4 Rb1 46. Ncb3 Bc3 47.
Nc2 0-1

[Event "Memorial Nicola Palladino A"]
[Site "Milano ITA"]
[Date "2011.04.24"]
[Round "5"]
[White "Gongalov, Bojan"]
[Black "Attuati, Stefano"]
[Result "0-1"]
[WhiteElo "2061"]
[BlackElo "1958"]
[PlyCount "64"]
[EventDate "2011.04.21"]

1. d4 e6 2. e4 d5 3. Nc3 Nf6 4. e5 Nfd7 5. Qh5 Be7 6. Nf3 c5 7. Bg5 a6 8. O-O-O
Nc6 9. Nxd5 Bxg5+ 10. Nxg5 g6 11. Qh6 Nxd4 12. Ne4 exd5 13. Nd6+ Ke7 14. Qf4
Qg8 15. Rxd4 cxd4 16. Qxd4 f6 17. f4 Qe6 18. Qb4 Kd8 19. Bd3 fxe5 20. f5 Qf6
21. fxg6 Kc7 22. g7 Qxg7 23. Nf5 Qf6 24. Rf1 e4 25. Be2 Ne5 26. Nd4 Qd6 27.
Qc3+ Kb8 28. g4 Bd7 29. g5 Rf8 30. Rg1 Ka7 31. Qe3 b6 32. h4 Nc6 0-1

[Event "Memorial Nicola Palladino A"]
[Site "Milano ITA"]
[Date "2011.04.24"]
[Round "5"]
[White "Guzzetti, Luigi Enrico"]
[Black "Piantoni, Pierino"]
[Result "1-0"]
[WhiteElo "1908"]
[BlackElo "1965"]
[PlyCount "141"]
[EventDate "2011.04.21"]

1. e4 e6 2. d4 d5 3. e5 c5 4. c3 Qb6 5. Nf3 Bd7 6. Be2 Bb5 7. O-O Bxe2 8. Qxe2
Nc6 9. dxc5 Bxc5 10. b4 Bf8 11. a4 Qc7 12. Na3 a6 13. Bd2 Nge7 14. c4 Rd8 15.
b5 Nb8 16. cxd5 Rxd5 17. Nc4 Nc8 18. Rfc1 Qd8 19. Na5 b6 20. Nb7 Qd7 21. bxa6
Bc5 22. a5 O-O 23. axb6 Bxb6 24. Bb4 Re8 25. Nd6 Nxd6 26. Bxd6 Qa7 27. h3 Nd7
28. Rc2 h6 29. Rac1 Nc5 30. Bxc5 Bxc5 31. Kh2 Ra8 32. Qb5 Bxf2 33. Rc8+ Rd8 34.
Rxa8 Rxa8 35. Qb7 Bb6 36. Rc6 Rb8 37. Qxa7 Bxa7 38. Nd2 Bd4 39. Nc4 Kf8 40. Kg3
Ke8 41. Kf4 Bg1 42. Nd6+ Kd7 43. Rc1 Bh2+ 44. Ke4 Rb4+ 45. Rc4 Rxc4+ 46. Nxc4
Kc6 47. a7 Kb7 48. Nd6+ Kxa7 49. Nxf7 Kb6 50. Nd8 Bg3 51. Nxe6 g6 52. Nf8 g5
53. Kd5 Kc7 54. e6 Kd8 55. Ng6 h5 56. Ke4 g4 57. hxg4 hxg4 58. Kf5 Ke8 59. Kxg4
Be1 60. Kf5 Bc3 61. g4 Bb2 62. Ne5 Ke7 63. g5 Bc1 64. Nc6+ Ke8 65. g6 Bb2 66.
Ne5 Kf8 67. Kf6 Ba3 68. g7+ Kg8 69. Ng4 Bb2+ 70. Kg6 Bxg7 71. e7 1-0

[Event "Memorial Nicola Palladino A"]
[Site "Milano ITA"]
[Date "2011.04.24"]
[Round "5"]
[White "Moroni, Luca jr"]
[Black "Gaggino, Davide"]
[Result "1-0"]
[WhiteElo "1815"]
[BlackElo "1903"]
[PlyCount "53"]
[EventDate "2011.04.21"]

1. e4 e6 2. d4 d5 3. e5 c5 4. c3 Qb6 5. Nf3 Nc6 6. a3 c4 7. Be2 Na5 8. Nbd2 Bd7
9. O-O Ne7 10. Rb1 Qc7 11. Qe1 Nc8 12. b3 cxb3 13. Nxb3 Nc4 14. Bxc4 dxc4 15.
Nbd2 Nb6 16. Ne4 h6 17. Qe2 Ba4 18. Nfd2 Bc2 19. Ra1 Bd3 20. Qd1 Bxf1 21. Qxf1
Rc8 22. a4 Nd5 23. Ba3 Qa5 24. Nxc4 Qxa4 25. Bxf8 Qxc4 26. Nd6+ Kxf8 27. Nxc4
1-0

[Event "Memorial Nicola Palladino A"]
[Site "Milano ITA"]
[Date "2011.04.24"]
[Round "5"]
[White "Pegoraro, Nicola"]
[Black "Miracola, Massimiliano"]
[Result "0-1"]
[WhiteElo "2016"]
[BlackElo "1929"]
[PlyCount "58"]
[EventDate "2011.04.21"]

1. e4 c5 2. Nf3 d6 3. d4 cxd4 4. Nxd4 Nf6 5. Nc3 g6 6. Be2 Bg7 7. O-O O-O 8.
Kh1 Nc6 9. Nb3 Be6 10. f4 Na5 11. e5 Ne8 12. exd6 Nxd6 13. Nd4 Bc4 14. Rb1 Qb6
15. Be3 Bxe2 16. Ncxe2 Rad8 17. Qe1 Qc7 18. b3 e6 19. c4 Nc6 20. Nxc6 Qxc6 21.
Ng3 Nf5 22. Nxf5 exf5 23. Qf2 a6 24. Rbd1 Rd7 25. Rd2 Re8 26. Rxd7 Qxd7 27. Re1
Bc3 28. Bd2 Rxe1+ 29. Bxe1 Qd1 0-1

[Event "Memorial Nicola Palladino A"]
[Site "Milano ITA"]
[Date "2011.04.24"]
[Round "5"]
[White "Pelizzola, Danilo"]
[Black "Cantu', Guido"]
[Result "1/2-1/2"]
[WhiteElo "2063"]
[BlackElo "1892"]
[PlyCount "141"]
[EventDate "2011.04.21"]

1. e4 c5 2. Nf3 d6 3. d4 cxd4 4. Nxd4 Nf6 5. Nc3 a6 6. Be2 e5 7. Nb3 Be7 8. Be3
Be6 9. O-O Nbd7 10. Re1 O-O 11. Bf3 Qc7 12. a4 Rfd8 13. a5 b5 14. axb6 Nxb6 15.
Na5 Nc4 16. Nxc4 Bxc4 17. Na4 Nd7 18. Qd2 Nc5 19. Qc3 Nxa4 20. Rxa4 Rdc8 21. b3
Be6 22. Qxc7 Rxc7 23. Rc1 Rac8 24. c4 Rb8 25. Bd1 Rc6 26. Rca1 Bc8 27. Kf1 h6
28. Bd2 Bg5 29. Bc3 Kf8 30. Rb4 Rxb4 31. Bxb4 Ke7 32. Bc3 Be6 33. Ke2 g6 34.
Kd3 h5 35. Ra4 Bf4 36. h3 Bg5 37. Rb4 Bc8 38. Rb8 Kd7 39. Rb4 Bc1 40. Ra4 Kc7
41. Ra2 Be6 42. Ba5+ Kd7 43. h4 Kc8 44. g3 Bh6 45. Be2 Bf8 46. f3 Be7 47. Be1
Bd8 48. Bf2 Kb7 49. Ra4 Bb6 50. Rb4 Kc7 51. Bxb6+ Rxb6 52. Kc3 f6 53. Ra4 Rc6
54. Ra1 Kb6 55. g4 Rc8 56. gxh5 gxh5 57. Rg1 Rg8 58. Rxg8 Bxg8 59. b4 Bf7 60.
Kb3 Be8 61. Ka3 Bf7 62. Ka4 Be8+ 63. Kb3 Bf7 64. Kc3 Be8 65. Bd1 Bf7 66. Ba4
Bg6 67. Bd7 Bf7 68. Bc8 Be8 69. Be6 Bg6 70. Bd5 Be8 71. Kb3 1/2-1/2

[Event "Memorial Nicola Palladino A"]
[Site "Milano ITA"]
[Date "2011.04.24"]
[Round "5"]
[White "Pierandrei, Cristiano"]
[Black "Chiarion, Elisa"]
[Result "0-1"]
[WhiteElo "1963"]
[BlackElo "1959"]
[PlyCount "68"]
[EventDate "2011.04.21"]

1. Nf3 d5 2. d4 c6 3. c4 e6 4. Nc3 dxc4 5. a4 Bb4 6. e3 b5 7. Bd2 a5 8. Rb1
Bxc3 9. bxc3 Qd5 10. Ne5 Nf6 11. f3 Nbd7 12. e4 Nxe4 13. fxe4 Qxe4+ 14. Kf2
Nxe5 15. dxe5 O-O 16. Be2 Qxe5 17. Bf3 Rb8 18. Re1 Qf5 19. Kg1 Ba6 20. Be4 Qc5+
21. Be3 Qe7 22. Qh5 f5 23. Bxc6 b4 24. Bd4 Qd6 25. Qg5 Rf7 26. Bf3 Rc8 27. Re5
Bb7 28. Bxb7 Rxb7 29. Rxa5 bxc3 30. Bxc3 Rxb1+ 31. Kf2 Qb6+ 32. Kg3 Qc7+ 33.
Be5 Rb3+ 34. Kh4 Qd7 0-1

[Event "Memorial Nicola Palladino A"]
[Site "Milano ITA"]
[Date "2011.04.24"]
[Round "5"]
[White "Salmoiraghi, Angelo"]
[Black "Formento, Paolo"]
[Result "1-0"]
[WhiteElo "2161"]
[BlackElo "2004"]
[PlyCount "92"]
[EventDate "2011.04.21"]

1. d4 Nf6 2. c4 g6 3. g3 Bg7 4. Bg2 O-O 5. Nc3 d6 6. Nf3 Nbd7 7. O-O e5 8. e4
c6 9. h3 Qb6 10. c5 dxc5 11. dxe5 Ne8 12. Na4 Qb4 13. Be3 Nc7 14. Qc2 Ne6 15.
a3 Qa5 16. Rfd1 Nxe5 17. Nxe5 Bxe5 18. Nxc5 Nxc5 19. Bxc5 Rd8 20. Rxd8+ Qxd8
21. Rd1 Qe8 22. f4 Bf6 23. e5 Be7 24. Bd6 Be6 25. Qc5 Qd8 26. Rd4 Bxd6 27. exd6
Qb6 28. b4 Qxc5 29. bxc5 Bd7 30. Rb4 Rb8 31. Ra4 Ra8 32. Kf2 Kf8 33. g4 f6 34.
g5 fxg5 35. fxg5 Kg7 36. Kg3 Kf7 37. h4 Bf5 38. Rb4 b6 39. Bxc6 bxc5 40. Bd5+
Kg7 41. Bxa8 cxb4 42. axb4 Bd7 43. Kf4 h6 44. Ke5 hxg5 45. hxg5 Kf7 46. Bd5+
Ke8 1-0

[Event "Memorial Nicola Palladino A"]
[Site "Milano ITA"]
[Date "2011.04.24"]
[Round "5"]
[White "Zacco, Remo"]
[Black "Bonassi, Tommaso"]
[Result "1-0"]
[WhiteElo "1942"]
[BlackElo "1865"]
[PlyCount "50"]
[EventDate "2011.04.21"]

1. e4 c5 2. Nc3 a6 3. f4 b5 4. Nf3 Bb7 5. d3 d6 6. g3 Nf6 7. Bg2 g6 8. O-O Bg7
9. Qe2 O-O 10. e5 dxe5 11. fxe5 Nd5 12. Ne4 Qb6 13. Kh1 Nd7 14. c3 Rac8 15. d4
cxd4 16. cxd4 Nb4 17. Bg5 f6 18. Bd2 Nc2 19. Rac1 Bd5 20. b3 f5 21. Neg5 Nxd4
22. Nxd4 Qxd4 23. Bf4 Bxg2+ 24. Qxg2 Qa7 25. Qd5+ Kh8 1-0

[Event "Memorial Nicola Palladino A"]
[Site "Milano ITA"]
[Date "2011.04.25"]
[Round "6"]
[White "Astengo, Corrado"]
[Black "Gilevych, Artem"]
[Result "0-1"]
[WhiteElo "2119"]
[BlackElo "2219"]
[PlyCount "96"]
[EventDate "2011.04.21"]

1. e4 Nc6 2. Nf3 e6 3. d4 d5 4. Nbd2 Nf6 5. e5 Nd7 6. c3 f6 7. exf6 Nxf6 8. Bd3
Bd6 9. O-O O-O 10. Re1 Nh5 11. Ne5 Nf4 12. Ndf3 Nxd3 13. Qxd3 Nxe5 14. Nxe5 Rf5
15. g4 Rf8 16. Qg3 Bd7 17. h4 Be8 18. Bg5 Qc8 19. Rac1 b6 20. h5 c5 21. Qh4 h6
22. Be7 Bxe5 23. dxe5 Rf3 24. Kg2 Rf7 25. Bd6 Bc6 26. Kg1 Bb7 27. Re3 d4 28.
cxd4 Qc6 29. Rg3 Rf3 30. Qh3 Rxg3+ 31. fxg3 Qf3 32. Rf1 Qe3+ 33. Kh2 cxd4 34.
g5 Qd2+ 35. Kg1 Qxg5 36. Qxe6+ Kh8 37. Qh3 Qe3+ 38. Kh2 Rc8 39. Qf5 d3 40. e6
Be4 41. Qf7 Rc2+ 42. Kh3 Qg5 43. Rg1 Qd5 44. Bf4 Bf5+ 45. g4 Bxe6 46. Qe8+ Bg8
47. Qe3 Be6 48. Bxh6 Qxh5+ 0-1

[Event "Memorial Nicola Palladino A"]
[Site "Milano ITA"]
[Date "2011.04.25"]
[Round "6"]
[White "Basso, Pier Luigi"]
[Black "Guzzetti, Luigi Enrico"]
[Result "1-0"]
[WhiteElo "1996"]
[BlackElo "1908"]
[PlyCount "127"]
[EventDate "2011.04.21"]

1. e4 c5 2. Nf3 e6 3. d4 cxd4 4. Nxd4 a6 5. c4 Nf6 6. Nc3 Qc7 7. a3 Nc6 8. Be3
Be7 9. Be2 O-O 10. O-O d6 11. f4 Bd7 12. Rc1 Nxd4 13. Bxd4 e5 14. Nd5 Nxd5 15.
cxd5 Qb8 16. fxe5 dxe5 17. Bb6 Bg5 18. Rc3 Rc8 19. Rcf3 Rc1 20. Qb3 Rxf1+ 21.
Rxf1 Qd6 22. Be3 Bxe3+ 23. Qxe3 Rc8 24. Rc1 Rxc1+ 25. Qxc1 Qb6+ 26. Kf1 f5 27.
exf5 Bxf5 28. b4 h6 29. Qc4 Qf6 30. Ke1 Kh7 31. Bd3 e4 32. Bc2 Qh4+ 33. Kd1
Qxh2 34. Bxe4 Qg1+ 35. Ke2 g6 36. Qc7+ Kg8 37. Qb8+ Kf7 38. Qxb7+ Kf6 39. d6
Bg4+ 40. Kd2 Qd4+ 41. Bd3 Qxd6 42. Qxa6 Qxa6 43. Bxa6 Ke5 44. Kc3 Kd6 45. Bd3
g5 46. Kd4 h5 47. a4 h4 48. a5 Kc7 49. Bf1 Bc8 50. Ke3 Kc6 51. Ke4 Kc7 52. b5
Kb7 53. Ke5 Bd7 54. Kd6 Bc8 55. Kc5 g4 56. a6+ Kb8 57. Kb6 Bf5 58. Be2 Be4 59.
Bxg4 Bxg2 60. a7+ Ka8 61. Bd7 h3 62. Bc6+ Bxc6 63. bxc6 h2 64. c7 1-0

[Event "Memorial Nicola Palladino A"]
[Site "Milano ITA"]
[Date "2011.04.25"]
[Round "6"]
[White "Bonassi, Tommaso"]
[Black "Gongalov, Bojan"]
[Result "0-1"]
[WhiteElo "1865"]
[BlackElo "2061"]
[PlyCount "60"]
[EventDate "2011.04.21"]

1. e4 Nf6 2. e5 Nd5 3. d4 d6 4. c4 Nb6 5. f4 Bf5 6. Nc3 dxe5 7. fxe5 e6 8. Be3
Nc6 9. Nf3 Be7 10. Be2 O-O 11. O-O f6 12. Qe1 Nb4 13. Qg3 Nc2 14. Bh6 Bg6 15.
Rac1 Nxd4 16. Rfd1 Bc5 17. Kh1 Nxe2 18. Nxe2 Qe8 19. exf6 Rxf6 20. Qxc7 Bf8 21.
Bg5 Rf5 22. Ned4 Rc8 23. Qxb7 Rf7 24. Qa6 e5 25. Re1 e4 26. Nh4 Qe5 27. Nxg6
Qxg5 28. Nxf8 Rcxf8 29. Ne6 Qxc1 30. Qxa7 Qxe1# 0-1

[Event "Memorial Nicola Palladino A"]
[Site "Milano ITA"]
[Date "2011.04.25"]
[Round "6"]
[White "Cantu', Guido"]
[Black "Formento, Paolo"]
[Result "1/2-1/2"]
[WhiteElo "1892"]
[BlackElo "2004"]
[PlyCount "131"]
[EventDate "2011.04.21"]

1. e4 e6 2. d4 d5 3. exd5 Qxd5 4. Nf3 Nf6 5. Nc3 Bb4 6. Bd2 Qd8 7. Bd3 O-O 8.
O-O Nbd7 9. Ne4 Bxd2 10. Qxd2 b6 11. Rfe1 Bb7 12. Rad1 a5 13. Qf4 Nxe4 14. Bxe4
Bxe4 15. Qxe4 Nf6 16. Qe2 Qd6 17. Ne5 c6 18. c3 b5 19. Rd3 Qd5 20. Rg3 Nd7 21.
Qd2 Rfe8 22. Qh6 g6 23. Nxf7 Re7 24. Ne5 Nxe5 25. Rxe5 Qxa2 26. Qd2 a4 27. Re2
a3 28. bxa3 Qxd2 29. Rxd2 Rxa3 30. Kf1 Rea7 31. Re3 Kf7 32. Rde2 Ra1+ 33. Re1
Rxe1+ 34. Kxe1 Ra2 35. Re2 Ra1+ 36. Kd2 Ra2+ 37. Kd3 Rxe2 38. Kxe2 Ke7 39. Kd3
Kd6 40. f4 Kd5 41. g4 c5 42. dxc5 Kxc5 43. h4 h5 44. gxh5 gxh5 45. Ke4 Kc4 46.
Ke5 Kxc3 47. Kxe6 b4 48. f5 b3 49. f6 b2 50. f7 b1=Q 51. f8=Q Qe1+ 52. Kd5 Qxh4
53. Qc5+ Kd3 54. Qb5+ Ke3 55. Qb3+ Kf2 56. Qc2+ Kf3 57. Qd3+ Kg2 58. Qd2+ Kg1
59. Qd1+ Kf2 60. Qc2+ Ke3 61. Qb3+ Kf4 62. Qb4+ Kg3 63. Qe1+ Kh3 64. Qh1+ Kg4
65. Qe4+ Kg5 66. Qe7+ 1/2-1/2

[Event "Memorial Nicola Palladino A"]
[Site "Milano ITA"]
[Date "2011.04.25"]
[Round "6"]
[White "Chiarion, Elisa"]
[Black "Piantoni, Pierino"]
[Result "1-0"]
[WhiteElo "1959"]
[BlackElo "1965"]
[PlyCount "101"]
[EventDate "2011.04.21"]

1. b4 b5 2. e3 Bb7 3. Nf3 a6 4. c4 bxc4 5. Bxc4 e6 6. a3 d5 7. Ba2 c5 8. Bb2
Nf6 9. bxc5 Bxc5 10. O-O O-O 11. Qc2 Nbd7 12. Ng5 Rc8 13. Qb3 Rb8 14. f4 h6 15.
Nf3 d4 16. exd4 Bxf3 17. Qxf3 Rxb2 18. dxc5 Nxc5 19. Qe3 Qd6 20. d4 Na4 21. Nd2
Nd5 22. Bxd5 Qxd5 23. Nf3 Rfb8 24. Qd3 Nc5 25. Qc3 Ne4 26. Qc7 f6 27. Rfd1 R8b3
28. Qc8+ Kh7 29. Qxa6 Rxf3 30. gxf3 Ng5 31. Qd3+ Kg8 32. Rf1 Nh3+ 33. Kh1 Nxf4
34. Qe3 Qd6 35. Rf2 Nd5 36. Qe1 Rb3 37. a4 Re3 38. Qd2 Ra3 39. Rff1 g5 40. Qa5
Re3 41. Qa8+ Kg7 42. Qb7+ Kg6 43. Rae1 Ra3 44. Qc8 Ra2 45. Qe8+ Kg7 46. f4 Nxf4
47. Rxf4 Qxf4 48. Qe7+ Kg6 49. Qe8+ Kf5 50. Qxe6+ Kg6 51. Qxa2 1-0

[Event "Memorial Nicola Palladino A"]
[Site "Milano ITA"]
[Date "2011.04.25"]
[Round "6"]
[White "Gaggino, Davide"]
[Black "Zacco, Remo"]
[Result "1-0"]
[WhiteElo "1903"]
[BlackElo "1942"]
[PlyCount "29"]
[EventDate "2011.04.21"]

1. c4 e6 2. Nf3 f5 3. Nc3 Nf6 4. d3 Bb4 5. Bd2 O-O 6. a3 Bxc3 7. Bxc3 b6 8. g3
Bb7 9. Bg2 a5 10. O-O Qc8 11. b4 Nc6 12. b5 Ne7 13. Qb3 Ng6 14. Rad1 Rb8 15.
Bb2 1-0

[Event "Memorial Nicola Palladino A"]
[Site "Milano ITA"]
[Date "2011.04.25"]
[Round "6"]
[White "Miracola, Massimiliano"]
[Black "Barberi, Alessandro"]
[Result "1-0"]
[WhiteElo "1929"]
[BlackElo "2077"]
[PlyCount "95"]
[EventDate "2011.04.21"]

1. e4 g6 2. d4 Bg7 3. Nc3 d6 4. f4 a6 5. Nf3 b5 6. Bd3 Bb7 7. a3 Nd7 8. O-O c5
9. d5 c4 10. Be2 Qb6+ 11. Kh1 a5 12. a4 b4 13. Nb5 Rc8 14. Nd2 c3 15. bxc3 Ngf6
16. Nc4 Rxc4 17. Bxc4 Nxe4 18. Qe2 f5 19. Be3 Ndc5 20. cxb4 axb4 21. a5 Qd8 22.
Bd4 O-O 23. Bxg7 Kxg7 24. c3 bxc3 25. Rfc1 Qa8 26. Nxc3 Nxc3 27. Rxc3 Ne4 28.
Rd3 Qa7 29. Qe3 Qxe3 30. Rxe3 Rc8 31. Rb3 Ba8 32. Bd3 Bxd5 33. Bxe4 fxe4 34.
Rb2 Kf6 35. a6 Kf5 36. Rb5 e6 37. g3 e3+ 38. Kg1 Ke4 39. a7 Ra8 40. Rb8 Kf3 41.
Kf1 Bc6 42. Rxa8 Bxa8 43. Ra6 d5 44. Rxe6 d4 45. Rd6 Ke4 46. Ke2 Bb7 47. Re6+
Kd5 48. Re8 1-0

[Event "Memorial Nicola Palladino A"]
[Site "Milano ITA"]
[Date "2011.04.25"]
[Round "6"]
[White "Moroni, Luca jr"]
[Black "Cani, Gazmir"]
[Result "0-1"]
[WhiteElo "1815"]
[BlackElo "2132"]
[PlyCount "150"]
[EventDate "2011.04.21"]

1. e4 c5 2. Nf3 e6 3. d4 cxd4 4. Nxd4 a6 5. Nc3 Qc7 6. Be2 Nf6 7. O-O d6 8. Be3
Be7 9. f4 Nc6 10. Qe1 O-O 11. Qg3 Nxd4 12. Bxd4 b5 13. a3 Bb7 14. Bd3 g6 15. f5
e5 16. Be3 Bc6 17. Bh6 Rfe8 18. Bg5 Nh5 19. Qh4 Bxg5 20. Qxg5 f6 21. Qh4 Kg7
22. g3 Qb6+ 23. Kg2 Qe3 24. Qg4 Rad8 25. Qf3 Qb6 26. Qf2 Qb7 27. Qe3 a5 28. b4
a4 29. Rad1 Re7 30. Qe2 Rb8 31. Rd2 Kf7 32. Nd5 Bxd5 33. exd5 Ng7 34. g4 g5 35.
Qe4 h5 36. h3 Rc7 37. c4 bxc4 38. Bxc4 Rbc8 39. Rc2 Qb6 40. Rfc1 hxg4 41. hxg4
Ke7 42. Bd3 Ne8 43. Kf3 Rxc2 44. Rxc2 Rxc2 45. Bxc2 Qb5 46. Qd3 Nc7 47. Ke4 Kd8
48. Qxb5 Nxb5 49. Kd3 Kc7 50. Bxa4 Nxa3 51. Bd1 Kb6 52. Kc3 Nb5+ 53. Kc4 Nd4
54. Ba4 Nf3 55. Bd1 Ng1 56. Ba4 Nh3 57. Bd1 e4 58. Kd4 Kb5 59. Be2+ Kxb4 60.
Kxe4 Kc3 61. Bf1 Nf4 62. Ba6 Nh3 63. Bf1 Nf2+ 64. Kf3 Nd3 65. Be2 Kd4 66. Bd1
Nf4 67. Kf2 Nxd5 68. Bf3 Nf4 69. Bc6 Nd3+ 70. Kg3 Ke3 71. Bf3 Nf2 72. Kg2 Ne4
73. Bd1 d5 74. Kf1 d4 75. Ke1 d3 0-1

[Event "Memorial Nicola Palladino A"]
[Site "Milano ITA"]
[Date "2011.04.25"]
[Round "6"]
[White "Petrone, Gianmario"]
[Black "Pelizzola, Danilo"]
[Result "0-1"]
[WhiteElo "1849"]
[BlackElo "2063"]
[PlyCount "70"]
[EventDate "2011.04.21"]

1. e4 e5 2. Nf3 Nc6 3. Bb5 d6 4. d4 Bd7 5. d5 Nb8 6. Bxd7+ Nxd7 7. c4 g6 8. Nc3
Bg7 9. O-O Ne7 10. b4 a5 11. b5 O-O 12. Be3 b6 13. Qc1 f6 14. Rb1 Rf7 15. Ne2
Qf8 16. Ng3 h5 17. Nh4 Kh7 18. Qd1 Bh6 19. Bxh6 Qxh6 20. Qc1 Qxc1 21. Rbxc1 Nc5
22. Nf3 Kg7 23. Rc3 Rh8 24. Nd2 Re8 25. Nb3 Nd7 26. Ne2 f5 27. exf5 Rxf5 28. f4
Ref8 29. Rcf3 Kg8 30. a4 exf4 31. Nbd4 Ne5 32. Nxf5 Nxf3+ 33. Rxf3 Nxf5 34.
Nxf4 Nd4 35. Rf2 Rxf4 0-1

[Event "Memorial Nicola Palladino A"]
[Site "Milano ITA"]
[Date "2011.04.25"]
[Round "6"]
[White "Salmoiraghi, Angelo"]
[Black "Cazzaniga, Walter"]
[Result "1/2-1/2"]
[WhiteElo "2161"]
[BlackElo "2079"]
[PlyCount "80"]
[EventDate "2011.04.21"]

1. d4 Nf6 2. c4 g6 3. g3 Bg7 4. Bg2 d5 5. cxd5 Nxd5 6. Nf3 O-O 7. O-O Nc6 8.
Nc3 Nb6 9. e3 Re8 10. Re1 e5 11. d5 Nb4 12. e4 a5 13. a3 Na6 14. b3 Bd7 15. Bg5
f6 16. Be3 Bf8 17. Bf1 Nc8 18. Nd2 Nd6 19. Nc4 Nxc4 20. Bxc4 Bd6 21. Bb5 Rf8
22. Bxd7 Qxd7 23. Qe2 f5 24. f3 Nc5 25. Qc4 b6 26. Nb5 fxe4 27. Nxd6 cxd6 28.
Bxc5 bxc5 29. fxe4 Rf3 30. Rf1 Qg4 31. Rxf3 Qxf3 32. Rf1 Qe3+ 33. Kg2 Rf8 34.
Rxf8+ Kxf8 35. Kh3 Kg7 36. Qa4 Kh6 37. Qd7 Qxe4 38. Qxd6 Qf5+ 39. Kg2 Qe4+ 40.
Kh3 Qf5+ 1/2-1/2

[Event "Memorial Nicola Palladino A"]
[Site "Milano ITA"]
[Date "2011.04.25"]
[Round "6"]
[White "Virzi, Ettore"]
[Black "Gonella, Daniele"]
[Result "0-1"]
[WhiteElo "1963"]
[BlackElo "2022"]
[PlyCount "104"]
[EventDate "2011.04.21"]

1. e4 e5 2. Nf3 d6 3. d4 exd4 4. Nxd4 Nf6 5. Nc3 Nc6 6. Bb5 Bd7 7. Bxc6 bxc6 8.
Qf3 Bg4 9. Qd3 Bd7 10. Bg5 Be7 11. O-O O-O 12. Rad1 Qc8 13. Rfe1 Rd8 14. Nf5
Bxf5 15. exf5 Qd7 16. Re2 Nd5 17. Bxe7 Nxe7 18. f6 Ng6 19. Qf3 d5 20. fxg7 Re8
21. Rde1 Kxg7 22. g3 f6 23. h4 Ne5 24. Qg2 Nf7 25. f4 h5 26. Rxe8 Rxe8 27. Rxe8
Qxe8 28. Qe2 Qxe2 29. Nxe2 Nd6 30. Kg2 Nc4 31. Nd4 Nxb2 32. Nxc6 Nc4 33. Kf2 a5
34. Ke2 Kf7 35. Kd3 a4 36. Kd4 Ke6 37. Nb4 Na3 38. Kd3 c5 39. Na6 c4+ 40. Kc3
Kd6 41. Nb4 Nb5+ 42. Kd2 d4 43. Na6 Nc3 44. Nb4 Ne4+ 45. Ke2 f5 46. Kf3 a3 47.
Na6 Nd2+ 48. Ke2 Nb1 49. Nb4 Nc3+ 50. Kf2 Kc5 51. Na6+ Kb6 52. Nb8 Nxa2 0-1

[Event "Memorial Nicola Palladino A"]
[Site "Milano ITA"]
[Date "2011.04.25"]
[Round "7"]
[White "Barberi, Alessandro"]
[Black "Cantu', Guido"]
[Result "0-1"]
[WhiteElo "2077"]
[BlackElo "1892"]
[PlyCount "90"]
[EventDate "2011.04.21"]

1. d4 Nf6 2. Nf3 e6 3. e3 b6 4. Bd3 Bb7 5. Nbd2 d5 6. b3 Be7 7. Bb2 Nbd7 8. O-O
O-O 9. Qe2 Ne4 10. Rad1 c5 11. Ne5 Nxe5 12. dxe5 Nxd2 13. Rxd2 Qc7 14. f4 f5
15. c4 Rad8 16. cxd5 Bxd5 17. h3 Qc6 18. Kh2 Be4 19. Rfd1 Rxd3 20. Rxd3 Bxd3
21. Rxd3 Rd8 22. Rxd8+ Bxd8 23. g4 g6 24. gxf5 gxf5 25. Qg2+ Qxg2+ 26. Kxg2 Kf7
27. Kf3 Bh4 28. Bc3 a6 29. a3 b5 30. a4 Kg6 31. e4 Be7 32. axb5 axb5 33. Ke3
Bd8 34. Kf3 Bb6 35. Bd2 c4 36. bxc4 bxc4 37. Bc3 Bc5 38. Bb2 Bb4 39. Ke3 Be1
40. Ke2 c3 41. Bc1 Bd2 42. Bxd2 cxd2 43. Kxd2 fxe4 44. Ke2 Kf5 45. Ke3 h6 0-1

[Event "Memorial Nicola Palladino A"]
[Site "Milano ITA"]
[Date "2011.04.25"]
[Round "7"]
[White "Cazzaniga, Walter"]
[Black "Moroni, Luca jr"]
[Result "1-0"]
[WhiteElo "2079"]
[BlackElo "1815"]
[PlyCount "57"]
[EventDate "2011.04.21"]

1. d4 d5 2. c4 e6 3. Nc3 Nf6 4. Bg5 Be7 5. e3 O-O 6. Nf3 Nbd7 7. Bd3 c6 8. cxd5
exd5 9. Qc2 Re8 10. O-O-O Nf8 11. h3 b5 12. g4 a5 13. Ne5 Bb7 14. Kb1 a4 15. f4
Qa5 16. Ne2 Rac8 17. Ng3 g6 18. Qg2 c5 19. dxc5 Rxc5 20. Nf5 gxf5 21. gxf5 Ng6
22. fxg6 fxg6 23. Bxg6 hxg6 24. Bxf6 Bxf6 25. Qxg6+ Bg7 26. Qf7+ Kh8 27. Rhg1
Rc7 28. Ng6+ Kh7 29. Ne7 1-0

[Event "Memorial Nicola Palladino A"]
[Site "Milano ITA"]
[Date "2011.04.25"]
[Round "7"]
[White "Formento, Paolo"]
[Black "Virzi, Ettore"]
[Result "1/2-1/2"]
[WhiteElo "2004"]
[BlackElo "1963"]
[PlyCount "83"]
[EventDate "2011.04.21"]

1. e4 e5 2. Nf3 Nc6 3. Bc4 Nf6 4. d4 exd4 5. e5 d5 6. Bb5 Ne4 7. Nxd4 Bc5 8.
Be3 Bd7 9. Bxc6 bxc6 10. O-O Bb6 11. f3 Ng5 12. f4 Ne4 13. Nc3 Nxc3 14. bxc3 c5
15. Nb3 c4 16. Nd4 c5 17. e6 cxd4 18. exd7+ Qxd7 19. Bxd4 O-O 20. f5 f6 21. Qg4
Rfe8 22. Rae1 Rxe1 23. Rxe1 Re8 24. Re6 Rxe6 25. fxe6 Bxd4+ 26. cxd4 Qd6 27.
Qf5 Kf8 28. Kf2 Ke7 29. Qxh7 Qf4+ 30. Ke2 Qg4+ 31. Ke3 Qxe6+ 32. Kf2 Qg4 33. c3
Qf4+ 34. Ke2 Qg4+ 35. Kf2 Kf7 36. g3 Qd1 37. Qf5 Qd2+ 38. Kg1 Qxc3 39. Qd7+ Kg6
40. Qg4+ Kf7 41. Qd7+ Kg6 42. Qg4+ 1/2-1/2

[Event "Memorial Nicola Palladino A"]
[Site "Milano ITA"]
[Date "2011.04.25"]
[Round "7"]
[White "Gilevych, Artem"]
[Black "Cani, Gazmir"]
[Result "1/2-1/2"]
[WhiteElo "2219"]
[BlackElo "2132"]
[PlyCount "48"]
[EventDate "2011.04.21"]

1. d4 Nf6 2. Nf3 g6 3. c4 Bg7 4. Nc3 d5 5. Bg5 Ne4 6. cxd5 Nxg5 7. Nxg5 e6 8.
Nf3 exd5 9. e3 O-O 10. Be2 c6 11. O-O Be6 12. b4 Qd6 13. Qb3 Nd7 14. Rac1 Kh8
15. Rfd1 f5 16. b5 Bf6 17. bxc6 bxc6 18. Na4 g5 19. Ba6 g4 20. Ne1 Rae8 21. Nd3
Bg5 22. g3 h5 23. Qb4 Qc7 24. Nf4 Bxf4 1/2-1/2

[Event "Memorial Nicola Palladino A"]
[Site "Milano ITA"]
[Date "2011.04.25"]
[Round "7"]
[White "Gonella, Daniele"]
[Black "Miracola, Massimiliano"]
[Result "1-0"]
[WhiteElo "2022"]
[BlackElo "1929"]
[PlyCount "49"]
[EventDate "2011.04.21"]

1. e4 c5 2. Nc3 d6 3. g3 g6 4. Bg2 Bg7 5. d3 Nc6 6. f4 Nf6 7. Nf3 O-O 8. O-O
Rb8 9. h3 b5 10. Be3 b4 11. Ne2 Nd7 12. Rb1 Qa5 13. Nc1 Nb6 14. b3 Nd4 15. g4
Nb5 16. Ne2 Na3 17. Rc1 Bb2 18. f5 Bxc1 19. Qxc1 d5 20. Bh6 Re8 21. fxg6 hxg6
22. Ne5 Be6 23. Nf4 Nd7 24. Nc6 Qb6 25. exd5 1-0

[Event "Memorial Nicola Palladino A"]
[Site "Milano ITA"]
[Date "2011.04.25"]
[Round "7"]
[White "Gongalov, Bojan"]
[Black "Gaggino, Davide"]
[Result "1/2-1/2"]
[WhiteElo "2061"]
[BlackElo "1903"]
[PlyCount "21"]
[EventDate "2011.04.21"]

1. d4 d5 2. c4 c6 3. g3 Nf6 4. Nf3 e6 5. Bg2 Nbd7 6. O-O Be7 7. Qc2 O-O 8. Ne5
Nxe5 9. dxe5 Nd7 10. cxd5 cxd5 11. e4 1/2-1/2